000 00506nam a2200133Ia 4500
008 100328s9999 xx 000 0 und d
082 _b11811
100 _aमोरे विश्वनाथ आणि खरात ह.शि.
245 _aरवींद्रनाथ टागोर
260 _bराष्ट्रीय चरित्रमाला
630 _aरवींद्रनाथ टागोर
730 _aरवींद्रनाथ टागोर
942 _cBOOK
999 _c507120
_d507117